composition match aller psg-chelsea 2014 - Statistiques

Statistiques générales
  • Ce quiz a été pris 168 fois
  • Le résultat moyen est 10 sur 11
Statistiques - réponses
Indices Joueurs % Correct
Uruguay-AD Cavani
99%
Italie-MCD Verratti
98%
Suède-BU Ibrahimovic
96%
France-MCG Matuidi
93%
Bresil-DC Silva
93%
Italie-GK Sirigu
93%
Italie-MDC Motta
90%
Bresil-DG Maxwell
86%
Argentine-AG Lavezzi
84%
France-DD Jallet
66%
Bresil-DC Alex
61%
Aucun quiz correspondant
Distribution des résultats
% des personnes avec chaque résultat
Percentile par nombre de réponses
Votre historique - résultats
Vous n’avez pas pris ce quiz